La representación del suicidio en la prensa española /

Uloženo v:
Podrobná bibliografie
Hlavní autor: Santos Diez, María Teresa (Autora)
Další autoři: Camacho Markina, Idoia (Autora)
Médium: Kniha
Jazyk:Spanish
Tagy: Přidat tag
Žádné tagy, Buďte první, kdo vytvoří štítek k tomuto záznamu!

MARC

LEADER 00000nam a22000007a 4500
003 cru IIS
005 20220804112545.0
007 ta
008 220804s2020 cr |||p|r|||| 00| 0 spa d
040 |c cru IIS 
100 1 |9 10657  |a Santos Diez, María Teresa  |e Autora 
245 1 3 |a La representación del suicidio en la prensa española /   |c María Teresa Santos Diez, Idoia Camacho Markina  
300 |a páginas 189-202:  |b tablas, gráficos 
700 1 |9 10658  |a Camacho Markina, Idoia  |e Autora 
773 0 |0 18728  |9 7625  |a Universidad de Costa Rica.   |d San José, Costa Rica Editorial UCR 1959-  |o 23634  |t Revista de Ciencias Sociales/  |x 04825276 
942 |2 ddc  |c PP 
999 |c 44464  |d 44464